Guess the Lyrics #32 - Statistics

General Stats
  • This quiz has been taken 484 times
  • The average score is 76 of 130
Answer Stats
% Correct
I
99%
a
98%
A
98%
the
94%
you
94%
You...
94%
You
94%
And
83%
to
80%
in
79%
It
79%
be
78%
can
76%
do
76%
no
75%
No
75%
one
69%
for
68%
if
68%
I'm
68%
not
64%
But
63%
will
63%
all
62%
of
62%
only
62%
us
59%
as
57%
It's
57%
say
56%
too
56%
there's
47%
world
47%
world...
47%
live
46%
may
46%
or
45%
man
44%
people
44%
you'll
44%
dreamer
43%
Imagine
42%
life
42%
try
41%
hope
40%
Living
40%
heaven
39%
hell
39%
isn't
39%
join
38%
sky
36%
today...
36%
easy
35%
hard
35%
peace...
35%
someday
35%
below
34%
die
34%
Nothing
34%
religion,
33%
Above
32%
need
28%
countries
27%
kill
27%
wonder
24%
brotherhood
23%
hunger
21%
possessions
18%
Sharing
17%
greed
15%
Aha-ah...
5%
No matching quizzes found
Score Distribution
Percent of People with Each Score
Percentile by Number Answered
Your Score History
You have not taken this quiz